000 00610nam a2200241 a 4500
001 nice12345678
003 IN_TiNIC
005 20260116011539.0
008 050524s1895 egya grp 000 0 ara
020 _a
_c100
082 0 0 _a297.63
_bTAB
100 _aTabrasi, Shaikh Raziuddin
245 _aMakaramul Akhlaq
260 _aEgypt
_bKhairia Press
_c1895
300 _a194p
500 _aincludes index and biblioraphy
505 2 _a12 Volumes in Bounded in Six Volumes
650 _aMuhammad, Prophet
700 1 _aTabrasi, Shaikh Raziuddin
902 _bSRS
942 _cBK
999 _c2521
_d2521